[Event "Graz-ch"]
[Site "Graz"]
[Date "1994.??.??"]
[Round "8"]
[White "Stranegger, E."]
[Black "Vodep, Otto"]
[Result "1-0"]
[WhiteElo "2120"]
[BlackElo "2155"]

1.e4 c5 2.Nf3 e6 3.d4 cxd4 4.Nxd4 Nc6 5.Nc3 Qc7 6.Be3 a6 7.Bd3 b5 8.Nb3 Nf6
9.O-O Ne5 10.f4 Nc4 11.Bd4 Bb7 12.Qe2 Rc8 13.Kh1 Be7 14.e5 Nd5 15.Ne4 f5
16.exf6 Nxf6 17.Nxf6+ Bxf6 18.Qh5+ Ke7 19.Bc5+ d6 20.Bd4 Bxd4 21.Nxd4 Qc5
22.Qh4+ Kd7 23.f5 e5 24.Ne6 Qd5 25.Qh3 Nxb2 26.Nxg7 Nxd3 27.f6+ Kc7 28.cxd3 Kb8
29.Rf2 Rc3 30.f7 Rf8 31.Ne6 Rxf7 32.Rxf7 Rxd3 33.Qg4 h5 34.Rf8+ Bc8 35.Rxc8+ Kxc8
36.Rc1+ Kb7 37.Qg7+  1-0

[Event "Graz op"]
[Site "Graz"]
[Date "1994.??.??"]
[Round "9"]
[White "Oral, Tomas"]
[Black "Simic, Dragan"]
[Result "1/2-1/2"]
[WhiteElo "2335"]
[BlackElo "2255"]

1.e4 c5 2.Nf3 e6 3.d4 cxd4 4.Nxd4 Nc6 5.Nc3 a6 6.Be3 Qc7 7.Bd3 b5 8.O-O Bb7
9.a3 Nf6 10.Kh1 Nxd4 11.Bxd4 Bc5 12.Bxc5 Qxc5 13.Qe2 e5 14.f4 d6 15.fxe5 dxe5
16.Nd5 Nxd5 17.exd5 O-O 18.Rf5 Rad8 19.Rxe5 Rxd5 20.Re7 Bc8 21.Rf1 Bf5 22.Bxf5 Rxf5
23.Rxf5 Qxf5 24.h3 g6  1/2-1/2

[Event "Groningen op"]
[Site "Groningen"]
[Date "1994.??.??"]
[Round "3"]
[White "Drozdov, Igor"]
[Black "Brenninkmeijer, Joris"]
[Result "1/2-1/2"]
[WhiteElo "2405"]
[BlackElo "2490"]

1.e4 c5 2.Nf3 e6 3.d4 cxd4 4.Nxd4 Nc6 5.Nc3 Qc7 6.Be2 a6 7.O-O b5 8.Nxc6 dxc6
9.f4 Bb7 10.a4 Rd8 11.Qe1 b4 12.Nb1 c5 13.Bc4 Nf6 14.Nd2 Be7 15.Qe2 Qc8 16.Bd3 O-O
17.Nc4 Qc7 18.b3 Rd4 19.Bb2 Rxe4 20.Bxe4 Nxe4 21.f5 exf5 22.Rxf5 g6 23.Rff1 f5
24.Rad1 Bg5 25.Ne5 Nd6 26.Nxg6 hxg6 27.Qe6+ Qf7 28.Qxd6 Be3+ 29.Kh1 f4 30.Qe5 Kh7
31.Rf3 Bxf3 32.gxf3 Re8 33.Qg5 Bd4 34.Bxd4 cxd4 35.Qh4+ Kg7 36.Rxd4 Rf8 37.Re4 Qd5
38.Qe7+ Rf7 39.Qe5+ Qxe5 40.Rxe5 Rc7 41.Re2 Rc3 42.Kg2 Kh6 43.h4 Kh5 44.Re4 Rxc2+
45.Kh3 Rc3 46.Re5+ Kh6 47.Kg4 Rxb3 48.Ra5 Rb1 49.Rxa6 Rg1+ 50.Kxf4 Ra1 51.a5 b3
52.Rb6 Rxa5 53.Rxb3 Ra4+ 54.Kg3 g5  1/2-1/2

[Event "Groningen op"]
[Site "Groningen"]
[Date "1994.??.??"]
[Round "10"]
[White "Onoprienko, Vladimir"]
[Black "De Boer, Gert Jan"]
[Result "0-1"]
[WhiteElo "2315"]
[BlackElo "2435"]

1.e4 c5 2.Nf3 e6 3.Nc3 Nc6 4.d4 cxd4 5.Nxd4 Qc7 6.Be2 a6 7.Be3 b5 8.Nxc6 Qxc6
9.Bf3 Bb7 10.e5 Qc7 11.O-O Ne7 12.a4 b4 13.Ne4 Nf5 14.Nd6+ Bxd6 15.exd6 Qc8
16.Bb6 Bxf3 17.Qxf3 Nxd6 18.Bc5 Nf5 19.Bxb4 Rb8 20.c3 Qb7 21.Qf4 f6 22.Rad1 Kf7
23.Rd3 d5 24.Rh3 h5 25.Re1 g5 26.Qd2 g4 27.Rd3 a5 28.Ba3 Rhc8 29.f3 Qb6+
30.Kh1 Rc4 31.Rxd5 Kg6 32.Rb5 Rd8 33.Rxb6 Rxd2 34.Rbxe6 gxf3 35.g3 h4 36.Rf1 hxg3
37.Rxf3 Rh4  0-1

[Event "Guines"]
[Site "Guines"]
[Date "1994.??.??"]
[Round "1"]
[White "Leyva, Hector"]
[Black "Reynaldo, Jorge"]
[Result "1-0"]
[WhiteElo "2300"]
[BlackElo "2320"]

1.e4 c5 2.Nf3 e6 3.d4 cxd4 4.Nxd4 Nc6 5.Nc3 Nf6 6.Ndb5 Bb4 7.a3 Bxc3+ 8.Nxc3 d5
9.exd5 exd5 10.Bd3 O-O 11.O-O d4 12.Ne2 a6 13.Bg5 Qd6 14.Re1 Kh8 15.Qd2 Nd5
16.Be4 f5 17.Bf3 h6 18.Bxd5 Qxd5 19.Be3 Qf7 20.Bxd4 Nxd4 21.Nxd4 f4 22.f3 Bd7
23.Re4 Rae8 24.Rae1 Rxe4 25.Rxe4 g5 26.Qb4 Bc8 27.Qd6 Qg7 28.Re7 Rf6 29.Qe5 Rf7
30.Re8+  1-0

[Event "Haarlem AKN"]
[Site "Haarlem"]
[Date "1994.??.??"]
[Round "4"]
[White "Galje, Hans"]
[Black "Van Mil, Johannes A J"]
[Result "0-1"]
[WhiteElo "2080"]
[BlackElo "2450"]

1.e4 c5 2.Nf3 e6 3.d4 cxd4 4.Nxd4 Nc6 5.Nc3 a6 6.Be3 Qc7 7.Be2 b5 8.O-O Bb7
9.a3 Nf6 10.f4 d6 11.Nb3 Be7 12.Qe1 O-O 13.Qg3 b4 14.axb4 Nxb4 15.Bd3 d5
16.e5 Ne4 17.Bxe4 dxe4 18.Nd4 Bc5 19.Rf2 g6 20.Rd1 Rad8 21.Rfd2 Ba8 22.Qf2 Be7
23.g4 Nc6 24.Nde2 Rxd2 25.Rxd2 Nb4 26.Nd4 Rd8 27.h4 Nc6 28.Nce2 Nxd4 29.Nxd4 Bd5
30.Qg3 f6 31.exf6 Bxf6 32.g5 Bg7 33.Qg4 Re8 34.h5 e5 35.Ne2 Be6 36.Qg2 exf4
37.Nxf4 Bf7 38.hxg6 hxg6 39.c3 Qc6 40.Qh3 Re5 41.Rd8+ Re8 42.Rd2 Qb5 43.Qh4 Qf5
44.Ne2 Qf3 45.Qg3 Bc4 46.Qf2 Qg4+ 47.Qg2 Qf3 48.Qf2 Rf8 49.Qxf3 Rxf3 50.Bc5 Rd3
51.Rxd3 exd3  0-1

[Event "Hania op"]
[Site "Hania"]
[Date "1994.??.??"]
[Round "2"]
[White "Kondopoulos, Dimitrios"]
[Black "Saltaev, Mihail"]
[Result "1-0"]
[WhiteElo "2210"]
[BlackElo "2485"]

1.e4 c5 2.Nf3 e6 3.d4 cxd4 4.Nxd4 Nc6 5.Nc3 Qc7 6.g3 d6 7.Bg2 Nf6 8.O-O Bd7
9.Bg5 a6 10.Bxf6 gxf6 11.Kh1 Be7 12.f4 Qb6 13.Nb3 O-O-O 14.a4 Na5 15.Nxa5 Qxa5
16.Qd4 Qc5 17.Qd3 Kb8 18.b4 Qxb4 19.Rfb1 Qa5 20.Rb3 Rc8 21.Rab1 Rc7 22.Rb6 Rd8
23.Qd4 Bc8 24.R1b3 Rdd7 25.Qd3 Ka7 26.Qd4 Rc5 27.e5 fxe5 28.fxe5 d5 29.R6b4 Kb8
30.Qd3 Rdc7 31.Ne2 Rc4 32.Rb6 Bc5 33.Rd6 Qe1+  1-0

[Event "SWE-ch"]
[Site "Haparanda"]
[Date "1994.??.??"]
[Round "11"]
[White "Wikner, Arvid"]
[Black "Jonsson, Hans"]
[Result "0-1"]
[WhiteElo "2230"]
[BlackElo "2390"]

1.e4 c5 2.Nf3 e6 3.d4 cxd4 4.Nxd4 Nc6 5.Nc3 Be7 6.Be3 Nf6 7.Bc4 a6 8.Bb3 b5
9.a3 Bb7 10.f4 Nxd4 11.Qxd4 O-O 12.O-O-O Rc8 13.h3 Qc7 14.e5 Nd5 15.Bxd5 Bxd5
16.Rd2 Bc6 17.Rg1 a5 18.f5 exf5 19.g4 fxg4 20.Qxg4 g6 21.Bd4 b4 22.axb4 axb4
23.Ne4 Bxe4 24.Qxe4 Bc5 25.Rdg2 Bxd4 26.Qxd4 b3 27.c3 Rfe8 28.Rg5 Qa5 29.Kd2 Rc5
30.Re1 Rd5  0-1

[Event "SWE-ch"]
[Site "Haparanda"]
[Date "1994.??.??"]
[Round "11"]
[White "Schneider, Lars Ake"]
[Black "Lindberg, Bengt"]
[Result "1-0"]
[WhiteElo "2440"]
[BlackElo "2315"]

1.e4 c5 2.Nf3 e6 3.d4 cxd4 4.Nxd4 Nc6 5.Nc3 a6 6.Be2 Qc7 7.f4 Nxd4 8.Qxd4 b5
9.Be3 Bb7 10.Bf3 Rc8 11.O-O h5 12.a3 Nf6 13.h3 Bc5 14.Qxc5 Qxc5 15.Bxc5 Rxc5
16.e5 Bxf3 17.Rxf3 Nd5 18.Nxd5 Rxd5 19.Rd3 Ke7 20.Rxd5 exd5 21.Rd1 Ke6 22.Kf2 Rc8
23.c3 Rc4 24.Kf3 d6 25.exd6 Kxd6 26.Rd4 Rxd4 27.cxd4 Ke6 28.g4 hxg4+ 29.Kxg4 Kf6
30.f5 Ke7 31.Kg5 f6+ 32.Kg6 Kf8 33.b4 Kg8 34.h4 Kf8 35.h5 Kg8 36.h6 gxh6
37.Kxh6 Kf7 38.Kh7 Kf8 39.Kg6 Ke7 40.Kg7  1-0

[Event "Harkany op"]
[Site "Harkany"]
[Date "1994.??.??"]
[Round "7"]
[White "Dusper, Hrvoje"]
[Black "Zemerov, Vladimir"]
[Result "1/2-1/2"]
[WhiteElo "2250"]
[BlackElo "2430"]

1.e4 c5 2.Nf3 e6 3.d4 cxd4 4.Nxd4 Nc6 5.Nc3 a6 6.g3 d6 7.Bg2 Bd7 8.O-O Be7
9.Re1 Qc7 10.a4 Nf6 11.Nxc6 Bxc6 12.a5 b5 13.axb6 Qxb6 14.b3 O-O 15.Bb2 Qb7
16.Qe2 Nd7 17.Na4 Rfc8 18.Bd4 e5 19.Bb2 a5 20.Red1 Nf6 21.Re1 h6 22.Ra2 Bd8
23.Qd3 Bc7 24.Bc1 Rd8 25.Nc3 Bb6 26.Nd5 Bxd5 27.exd5 Nd7 28.Qf5 Nc5 29.Be3 Nd7
30.Bd2 Qc7 31.Ra4 h5 32.Rc4 Qa7 33.Re2 g6 34.Qg5 Re8 35.Qh6 Bd8 36.g4 hxg4
37.Rxg4 Bf6 38.Rc4 Bg7 39.Qh4 Nc5 40.Bg5 f5 41.Be3 Rac8 42.Re1 Kf7 43.Qg3 Bf6
44.Qf3 e4 45.Qd1 Be5 46.Qd2 Rh8 47.h3 Qc7 48.Rb1 Qd8 49.b4 axb4 50.Rcxb4 Re8
51.Rb5 Nd7 52.Rb7 Rc7 53.Bf1 Rxb7 54.Rxb7 Re7 55.Qb4 Nf6 56.Bg5 Rxb7 57.Qxb7+ Qd7
58.Qb6 Kg7 59.Ba6 f4 60.Bf1 Nxd5 61.Qb3 Nc7 62.Qb7 d5 63.c4 Qd6 64.cxd5 Bf6
65.h4 Bxg5 66.hxg5 Kf7 67.Bh3 Ke7 68.Be6 e3 69.Qb2 Nxd5 70.Bxd5 Qxd5 71.Qf6+ Kd7
72.Qg7+ Kc8 73.Qf8+ Kd7 74.Qg7+ Kc8 75.Qf8+ Kb7 76.Qg7+  1/2-1/2

[Event "Hastings9495"]
[Site "Hastings"]
[Date "1994.??.??"]
[Round "?"]
[White "Nunn, John DM"]
[Black "Arakhamia, Ketevan"]
[Result "1/2-1/2"]
[WhiteElo "2625"]
[BlackElo "2450"]

1.e4 c5 2.Nf3 Nc6 3.d4 cxd4 4.Nxd4 e6 5.Nc3 d6 6.Be3 Nf6 7.Bc4 a6 8.Qe2 Qc7
9.O-O-O Na5 10.Bd3 b5 11.a3 Be7 12.g4 Bb7 13.g5 Nd7 14.h4 Ne5 15.f4 Nec4
16.Bxc4 Qxc4 17.Rd3 b4 18.b3 Nxb3+ 19.cxb3 Qc7 20.axb4 Bxe4 21.Re1 d5 22.Nc2 Bxd3
23.Qxd3 O-O 24.h5 Rfc8 25.Kb2 Bd6 26.f5 Rab8 27.g6 hxg6 28.hxg6 Bxb4 29.Nxb4 Rxb4
30.fxe6 fxe6 31.Bd4 Rcb8 32.Qh3 Rxb3+ 33.Kc2 Qh2+ 34.Qxh2 Rb2+ 35.Kd3 Rxh2
36.Rxe6 Rh3+ 37.Kd2 Rh2+ 38.Ke3 Rh3+ 39.Kf4 Rh4+ 40.Ke5 Rd8 41.Bb6 Rh5+ 42.Kd4 Rh4+
43.Ne4 Rxe4+ 44.Rxe4 dxe4+ 45.Bxd8 a5 46.Be7 a4 47.Ba3 Kh8 48.Kxe4 Kg8  1/2-1/2

[Event "EU-ch U16"]
[Site "Herculane"]
[Date "1994.??.??"]
[Round "7"]
[White "Kobalija, Mihail"]
[Black "Chernuschevich, Alexei"]
[Result "1/2-1/2"]
[WhiteElo "2410"]
[BlackElo "2365"]

1.e4 c5 2.Nf3 e6 3.d4 cxd4 4.Nxd4 Nc6 5.Nc3 Qc7 6.Be2 h6 7.O-O Nf6 8.Nxc6 bxc6
9.f4 d5 10.e5 Nd7 11.Na4 Be7 12.c4 O-O 13.Be3 Bb7 14.Rc1 Qa5 15.Qc2 Nc5 16.Bxc5 Bxc5+
17.Nxc5 Qxc5+ 18.Kh1 d4 19.Rcd1 Rad8 20.Bd3 g6 21.a3 a5 22.Rb1 Qa7 23.b4 axb4
24.axb4 c5  1/2-1/2

[Event "Hlohovec op"]
[Site "Hlohovec"]
[Date "1994.??.??"]
[Round "?"]
[White "Petrienko, Vladimir"]
[Black "Widera, Jan"]
[Result "1-0"]
[WhiteElo "2450"]
[BlackElo "2170"]

1.e4 c5 2.Nc3 e6 3.Nf3 Nc6 4.d4 cxd4 5.Nxd4 Nf6 6.a3 a6 7.Nxc6 dxc6 8.Qxd8+ Kxd8
9.e5 Nd7 10.Bf4 f6 11.exf6 gxf6 12.O-O-O h5 13.Bc4 e5 14.Be3 Kc7 15.Ne4 Be7
16.f4 b5 17.Ba2 Bb7 18.fxe5 Nxe5 19.Rhf1 Raf8 20.Nc5 Bc8 21.Ne6+ Bxe6 22.Bxe6 Rd8
23.Bf4 Rxd1+ 24.Rxd1 Bd6 25.Bd2 Bc5 26.Rf1 Kd6 27.Ba2 Ke7 28.Rf4 Bd6 29.h3 Rh7
30.Kd1 Rg7 31.Rf2 Bc5 32.Re2 Bd4 33.c3 Bc5 34.Bb1 Kd8 35.Bf5 Nc4 36.Bc1 Nd6
37.Bd3 Nf7 38.Ke1 Bd6 39.Be4 Kc7 40.Kf1 Ng5 41.Bf5 Nf7 42.Re6 Ng5 43.Rxf6 Be7
44.Rh6 Rf7 45.g4 hxg4 46.hxg4 Ne4 47.Kg2 Bg5 48.Rxc6+ Kxc6 49.Bxe4+ Kc5 50.Bxg5 Kc4
51.Bf5 Rf8 52.Be7 Re8 53.Bf6 Kb3 54.c4 bxc4 55.Kf3 a5 56.Bc3 Rd8 57.g5 Rd1
58.g6 Rf1+ 59.Ke4 Rg1 60.g7 a4 61.Be6 Rg3 62.g8=Q  1-0

[Event "Horgen CS"]
[Site "Horgen"]
[Date "1994.??.??"]
[Round "9"]
[White "Leko, Peter"]
[Black "Lautier, Joel"]
[Result "1/2-1/2"]
[WhiteElo "2555"]
[BlackElo "2645"]

1.e4 c5 2.Nf3 e6 3.d4 cxd4 4.Nxd4 Nc6 5.Nc3 Qc7 6.g3 a6 7.Bg2 Nf6 8.O-O d6
9.Re1 Rb8 10.Nxc6 bxc6 11.e5 dxe5 12.Rxe5 Bd6 13.Re1 O-O 14.b3 c5 15.Qe2 Bb7
16.Bxb7 Qxb7 17.Ne4 Nxe4 18.Qxe4 Rfc8 19.Bb2 c4 20.Rad1 Bb4  1/2-1/2

[Event "Hradec Kralove op"]
[Site "Hradec Kralove"]
[Date "1994.??.??"]
[Round "3"]
[White "Vodicka, Vlastimil"]
[Black "Cerny, Martin"]
[Result "1-0"]
[WhiteElo "2355"]
[BlackElo "2145"]

1.e4 c5 2.Nf3 e6 3.d4 cxd4 4.Nxd4 Nc6 5.Nc3 Qc7 6.Be3 a6 7.Qd2 Nf6 8.f3 b5
9.Nxc6 Qxc6 10.Ne2 Qc7 11.Bf4 e5 12.Bg5 Be7 13.a4 Bb7 14.axb5 axb5 15.Rxa8+ Bxa8
16.Ng3 h6 17.Be3 Bc5 18.Nf5 Bxe3 19.Nxe3 Qc5 20.b4 Qb6 21.c4 O-O 22.c5 Qa6
23.Be2 d6 24.cxd6 Rd8 25.O-O Rxd6 26.Qc3 Qb6 27.Qc5 Qxc5 28.bxc5 Rc6 29.Ra1 Bb7
30.Ra7 Bc8 31.Bxb5 Rxc5 32.Bc4 Bd7 33.Ba2 Rc8 34.Kf2 Re8 35.Nf5 Be6 36.Nd6 Rd8
37.Bxe6 fxe6 38.Nc4 Nd7 39.Ke3 Kf8 40.h4 Ke8 41.Ra5 Kf7 42.Nxe5+ Nxe5 43.Rxe5 Ra8
44.Kf4 Ra2 45.g3 Ra3 46.Rb5 Kf6 47.h5 Ra4 48.Kg4 Rc4 49.Rb8 Ra4 50.Rf8+ Ke7
51.Rb8 Kf6 52.Rb7 Rc4 53.Ra7 Rb4 54.Ra3 Rc4 55.Re3 Ra4 56.f4 Rb4 57.Kf3 Ra4
58.Rb3 Ra7 59.Rb6 Kf7 60.Rb4 Rc7 61.Kg4 Rc5 62.Rb7+ Kf8 63.Rb1 Kf7 64.Ra1 Rb5
65.Ra3 Rb4 66.Re3 Kf6 67.Kf3 Rb2 68.Rc3 Kf7 69.Rc7+ Kf8 70.Rc5 Rb3+ 71.Kg4 Rb4
72.Re5 Kf7 73.f5 exf5+ 74.Kxf5 Rb3 75.Kf4 Rb6 76.Ra5 g6 77.Ra7+ Ke8 78.g4 gxh5
79.gxh5 Kf8 80.Kf5 Rc6 81.e5 Rb6 82.Rd7 Rb1 83.Kf6 Rf1+ 84.Kg6 Re1 85.Rf7+ Ke8
86.Rf5 Ke7 87.Kxh6 Ke6 88.Kg6 Ra1 89.h6 Rh1 90.Rh5 Rg1+ 91.Rg5  1-0

[Event "Hradec Kralove op"]
[Site "Hradec Kralove"]
[Date "1994.??.??"]
[Round "3"]
[White "Hofmann, Bernhard"]
[Black "Vavra, Pavel"]
[Result "0-1"]
[WhiteElo "1820"]
[BlackElo "2215"]

1.e4 c5 2.Nc3 Nc6 3.Nge2 e6 4.d4 cxd4 5.Nxd4 a6 6.Be3 Qc7 7.Be2 Nf6 8.O-O Be7
9.Qd2 O-O 10.f4 d6 11.Bf3 Bd7 12.Rad1 Nxd4 13.Bxd4 Bc6 14.Kh1 Rfd8 15.Qf2 Nd7
16.Qg3 e5 17.Be3 exf4 18.Bxf4 Ne5 19.Bh5 g6 20.Bg4 b5 21.Nd5 Bxd5 22.exd5 Nxg4
23.Qxg4 Qxc2 24.Bh6 f5 25.Qd4 Bf8 26.Bg5 Re8 27.Rc1 Qe2 28.Qh4 Re4 29.Rfe1 Qxe1+
30.Qxe1 Rxe1+ 31.Rxe1 h6 32.Bf6 Kf7 33.Bc3 Re8 34.Rf1 Bg7 35.Bb4 Bxb2 36.g4 Re4  0-1

[Event "HUN-chT 9394"]
[Site "?"]
[Date "1994.??.??"]
[Round "?"]
[White "Csoke, Krisztian"]
[Black "Monda, Laszlo"]
[Result "0-1"]
[WhiteElo "2300"]
[BlackElo "2140"]

1.e4 c5 2.Nf3 e6 3.d4 cxd4 4.Nxd4 Nc6 5.Nc3 Qc7 6.Be3 a6 7.Bd3 Nf6 8.O-O Ne5
9.h3 b5 10.a3 Bb7 11.Qe2 Rc8 12.Kh1 Nc4 13.Bxc4 Qxc4 14.Qd3 d5 15.e5 Nd7
16.f4 g6 17.Rfd1 Qc7 18.Bf2 Be7 19.Rf1 O-O 20.Be3 Nb6 21.Rf3 Nc4 22.Bc1 Bc5
23.Nce2 Rfe8 24.h4 Qe7 25.Rh3 f5 26.Rb1 Nb6 27.Be3 Nd7 28.Rc1 Bb6 29.Nb3 d4
30.Bxd4 Be4 31.Qe3 Bxc2 32.Bxb6 Bxb3 33.Rxc8 Rxc8 34.Bd8 Rxd8 35.Qxb3 Nc5
36.Qe3 Rd3 37.Qf2 Ne4 38.Qe1 Rd2 39.Nc3 Nf2+ 40.Kh2 Rxb2 41.Nd1 Nxh3 42.Nxb2 Nxf4
43.a4 Qc7 44.axb5 axb5 45.Qd2 Nd5 46.Qe2 b4 47.Nc4 Nc3 48.Qd3 Ne4 49.Qd4 b3
50.Nd6 Qc3 51.Qb6 Qxe5+  0-1

[Event "HUN-chT 9394"]
[Site "?"]
[Date "1994.??.??"]
[Round "?"]
[White "Albert, Kornelia"]
[Black "Csoke, Adrienn"]
[Result "0-1"]
[WhiteElo "2085"]
[BlackElo "2200"]

1.e4 c5 2.Nf3 e6 3.d4 cxd4 4.Nxd4 Nc6 5.Nc3 Qc7 6.Ndb5 Qb8 7.Be3 Nf6 8.Be2 Be7
9.O-O O-O 10.f4 d6 11.Qe1 a6 12.Nd4 Nxd4 13.Bxd4 b5 14.Qg3 Bb7 15.a3 Qc7
16.Kh1 g6 17.e5 Ne8 18.f5 exf5 19.Rxf5 Ng7 20.Rf2 Ne6 21.Be3 dxe5 22.Bg4 Ng7
23.Bh6 Rad8 24.Raf1 Rd4 25.Ne2 Re4 26.Nc3 Rd4 27.Ne2 Rc4 28.Bxg7 Kxg7 29.Rd1 Rd8
30.Rdf1 f6 31.c3 Be4 32.Nc1 Rc6 33.Qe3 f5 34.Bf3 Bc5 35.Qe2 Bxf3 36.Rxf3 e4
37.Rh3 Rcd6 38.Nb3 Bb6 39.Qe1 Qc4 40.Nc1 Qxf1+ 41.Qxf1 Rd1  0-1

[Event "HUN-chT 9394"]
[Site "?"]
[Date "1994.??.??"]
[Round "?"]
[White "Tolnai, Tibor"]
[Black "Boros, Daniel"]
[Result "1-0"]
[WhiteElo "2410"]
[BlackElo "2255"]

1.e4 c5 2.Nf3 e6 3.d4 cxd4 4.Nxd4 Nc6 5.Nc3 a6 6.f4 Qc7 7.Nf3 Bc5 8.Bd3 Nge7
9.Qe2 Nd4 10.Nxd4 Bxd4 11.Nd1 b5 12.Be3 Bxe3 13.Qxe3 O-O 14.Qf2 f5 15.exf5 Nxf5
16.O-O Bb7 17.Ne3 Rf6 18.Bxf5 exf5 19.Rad1 Re8 20.Rfe1 Rg6 21.Nd5 Rxe1+ 22.Qxe1 Qc5+
23.Qf2 Qd6 24.Qe3 Kf7 25.Qd3 Qxd5 26.Qxd5+ Bxd5 27.Rxd5 Ke6 28.Re5+ Kf6 29.g3 d6
30.Re8 Kf7 31.Ra8 d5 32.Ra7+ Kf8 33.Rc7 Re6 34.Kf2 Re4 35.b3 Re6 36.Rc5 Rd6
37.Ke3 Ke7 38.Kd4 Ke6 39.Rc7 Kf6 40.Kc5 Rd8 41.Rc6+ Ke7 42.Rxa6 Rc8+ 43.Rc6 Ra8
44.Kxd5 Rxa2 45.Re6+ Kd7 46.Re2 Ra8 47.Kc5 Rb8 48.Kb4 g6 49.Re5 Kd6 50.Rxb5  1-0

[Event "HUN-chT 9394"]
[Site "?"]
[Date "1994.??.??"]
[Round "?"]
[White "Frolov, Artur"]
[Black "Horvath, Gyula"]
[Result "1-0"]
[WhiteElo "2525"]
[BlackElo "2435"]

1.e4 c5 2.Nf3 Nc6 3.d4 cxd4 4.Nxd4 e6 5.Nc3 Qc7 6.Be3 a6 7.Qd2 b5 8.O-O-O Bb7
9.f3 Rc8 10.Ndxb5 axb5 11.Nxb5 Qd8 12.Bb6 Qe7 13.Bc7 Rxc7 14.Nxc7+ Kd8 15.Nb5 Nf6
16.e5 Ne8 17.f4 f6 18.Nd6 Kc7 19.Qe3 fxe5 20.fxe5 Kb8 21.Ba6 Nxd6 22.exd6 Qh4
23.Qb6 Qb4 24.Qc7+ Ka7 25.Bxb7 Qxb7 26.Rhe1 g6 27.Re4 Bh6+ 28.Kb1 Ka8 29.Rd3 Rf8
30.a3 Bg7 31.Ra4+ Na7 32.Qxb7+ Kxb7 33.Rb3+ Ka8 34.Rb6 Rb8 35.Rxb8+ Kxb8
36.Rf4 Be5 37.Rf7 Kc8 38.Rxh7 Bxd6 39.g4 Nc6 40.h4 Kd8 41.h5 gxh5 42.gxh5 Be5
43.c3 Ke8 44.Kc2 Ne7 45.a4 Nc6 46.b4 Kd8 47.a5 Kc7 48.h6 Bf4 49.Rh8  1-0

[Event "HUN-chT 9394"]
[Site "?"]
[Date "1994.??.??"]
[Round "?"]
[White "Szell, Lajos"]
[Black "Rovid, Kalman"]
[Result "1-0"]
[WhiteElo "2315"]
[BlackElo "2350"]

1.e4 c5 2.Nc3 e6 3.Nf3 Nc6 4.d4 cxd4 5.Nxd4 Nf6 6.Nxc6 bxc6 7.Bd3 d6 8.O-O Be7
9.f4 O-O 10.Kh1 e5 11.Qf3 Rb8 12.b3 exf4 13.Bxf4 Ng4 14.Bc4 Bf6 15.Rad1 Ne5
16.Bxe5 Bxe5 17.Ne2 Be6 18.Bxe6 fxe6 19.Qd3 Qh4 20.g3 Qg4 21.Nd4 Bxd4 22.Qxd4 d5
23.Kg1 h5 24.Rxf8+ Rxf8 25.exd5 Qxd4+ 26.Rxd4 cxd5 27.c4 dxc4 28.Rxc4 Rf5
29.Rc7 a5 30.Re7 Rf6 31.Kg2 Kh7 32.a3 Kg6 33.b4 axb4 34.axb4 Kh7 35.b5 Rf5
36.b6 Rb5 37.Rxe6 Rb2+ 38.Kf3 g5 39.Ke4 Rxh2 40.Kd5 Rb2 41.Kc6  1-0

[Event "HUN-chT 9394"]
[Site "?"]
[Date "1994.??.??"]
[Round "?"]
[White "Horvath, Zoltan"]
[Black "Monda, Laszlo"]
[Result "1-0"]
[WhiteElo "2110"]
[BlackElo "2140"]

1.e4 c5 2.Nf3 e6 3.d4 cxd4 4.Nxd4 Nc6 5.Nc3 Qc7 6.Be2 a6 7.O-O Nf6 8.Kh1 b5
9.f4 Nxd4 10.Qxd4 b4 11.e5 bxc3 12.exf6 cxb2 13.Bxb2 g6 14.c4 Bc5 15.Qd2 Bb7
16.Bf3 d6 17.Bc3 Bxf3 18.Rxf3 Rb8 19.f5 gxf5 20.Rg3 Kd7 21.Rg7 Kc6 22.Qh6 Rbf8
23.Rxh7 Qc8 24.Rb1 Qe8 25.Rxh8 Rxh8 26.Qf4 Qd7 27.Ba5 e5 28.Qf3+ d5 29.cxd5+ Qxd5
30.Qf1 Ra8 31.Qxf5 Qxa2 32.Rc1 Rg8 33.Qf3+ Kd7 34.Qb7+ Ke6 35.Qc6+ Kf5 36.Rxc5 Qa1+
37.Rc1 Qxa5 38.Qf3+ Ke6 39.Rc6+ Kd7 40.Rc1 Rd8 41.Qc6+  1-0

[Event "HUN-chT 9394"]
[Site "?"]
[Date "1994.??.??"]
[Round "?"]
[White "Somlai, Laszlo"]
[Black "Rovid, Kalman"]
[Result "1/2-1/2"]
[WhiteElo "2360"]
[BlackElo "2350"]

1.e4 c5 2.Nf3 Nc6 3.Nc3 e6 4.d4 cxd4 5.Nxd4 Nf6 6.Ndb5 d6 7.Bf4 e5 8.Nd5 Nxd5
9.exd5 exf4 10.dxc6 bxc6 11.Qf3 d5 12.O-O-O Be7 13.Qc3 O-O 14.Qxc6 Be6 15.Nd4 Rc8
16.Qa4 Bc5 17.Be2 Bd7 18.Qb3 Qc7 19.c3 Rfd8 20.Bf3 Rb8 21.Qc2 Be8 22.Nb3 Qb6
23.Nxc5 Qxc5 24.Rd4 f6 25.Rhd1 Bg6 26.Qd2 Rdc8 27.Bxd5+ Kh8 28.Rc4 Qa5 29.Qxf4 h6
30.Rxc8+ Rxc8 31.Qd4 Re8 32.Qd2 Qb5 33.c4 Qa4 34.b3 Qa3+ 35.Qb2 Qb4 36.a3 Qb8
37.h3 Qf4+ 38.Qd2 Qe5 39.Qb2 Qf4+ 40.Qd2 Qe5 41.Qb2  1/2-1/2

[Event "HUN-chT 9394"]
[Site "?"]
[Date "1994.??.??"]
[Round "?"]
[White "Kovacs, G."]
[Black "Albert, Kornelia"]
[Result "1/2-1/2"]
[WhiteElo "2190"]
[BlackElo "2085"]

1.e4 c5 2.Nf3 e6 3.Nc3 Nc6 4.d4 cxd4 5.Nxd4 Qc7 6.Be2 Nf6 7.Bg5 Be7 8.Qd2 a6
9.f4 d6 10.O-O-O Bd7 11.Bf3 Rd8 12.Rhe1 O-O 13.g4 h6 14.h4 Nxd4 15.Qxd4 hxg5
16.hxg5 Nh7 17.Rh1 Nxg5 18.fxg5 Qc5 19.Qd3 Bxg5+ 20.Kb1 Bb5 21.Nxb5 Qxb5  1/2-1/2

[Event "HUN-chT2 9394"]
[Site "?"]
[Date "1994.??.??"]
[Round "?"]
[White "Molnar, Bela"]
[Black "Orso, Janos"]
[Result "1-0"]
[WhiteElo "2330"]
[BlackElo "2310"]

1.e4 c5 2.Nc3 Nc6 3.Nf3 e6 4.d4 cxd4 5.Nxd4 a6 6.g3 Qc7 7.Bg2 Nf6 8.O-O Be7
9.a4 O-O 10.b3 Nxd4 11.Qxd4 d6 12.Bb2 Bd7 13.a5 Rac8 14.Rfd1 Rfd8 15.Rd2 Ne8
16.Na4 Bg5 17.Re2 Bf6 18.Qd2 Bxb2 19.Nxb2 Qc3 20.Qxc3 Rxc3 21.Nd1 Rcc8 22.Rd2 Bc6
23.Ne3 Nf6 24.Rd4 Kf8 25.Rad1 Ke7 26.Nc4 Bxe4 27.Nxd6 Rxd6 28.Rxd6 Bxg2 29.Kxg2 Nd5
30.R1xd5 exd5 31.Rb6 Rc7 32.Kf3 Kd7 33.Ke3 Kc8 34.Kd3 Rd7 35.Rb4 Kc7 36.Rh4 h6
37.Kd4 Kc6 38.Rh5 Rd6 39.Re5 Rd7 40.h4 f6 41.Re6+ Kb5 42.h5 Kxa5 43.c3 Kb5
44.g4 a5 45.f4 b6 46.g5 fxg5 47.fxg5 hxg5 48.Rg6 g4 49.Rxg4 Kc6 50.Rg6+ Kb7
51.Rg5 Kc6 52.Rg6+ Kb5 53.Re6 Ka6 54.Re5 b5 55.Re6+ Kb7 56.Kc5 Rc7+ 57.Kxb5 Rxc3
58.Re7+ Kc8 59.Rxg7 Rxb3+ 60.Kc6 Kd8 61.h6 Rh3 62.h7  1-0

[Event "HUN-chT2 9394"]
[Site "?"]
[Date "1994.??.??"]
[Round "?"]
[White "Berta, Tibor"]
[Black "Masat, Adam"]
[Result "0-1"]
[WhiteElo "2225"]
[BlackElo "2245"]

1.e4 c5 2.Nf3 Nc6 3.Nc3 e6 4.d4 cxd4 5.Nxd4 Nf6 6.Ndb5 d6 7.Bf4 e5 8.Bg5 a6
9.Bxf6 gxf6 10.Na3 f5 11.g3 fxe4 12.Bg2 Bf5 13.Nxe4 Nd4 14.O-O d5 15.Nc3 Bxa3
16.bxa3 Be6 17.f4 Qa5 18.f5 Qxc3 19.fxe6 fxe6 20.Qh5+ Kd7 21.Rab1 Rab8 22.Kh1 Kd6
23.Qf7 Qc7 24.Qf2 Rhf8 25.Qxf8+ Rxf8 26.Rxf8 Nxc2 27.Rc1 Qe7 28.Rf3 Nd4 29.Rd3 Qg7
30.Rcd1 Qc7 31.h3 Qc2 32.R3d2 Qc3 33.Rd3 Qb2 34.R1d2 Qb1+ 35.Kh2 Qe1 36.h4 Ne2
37.Kh3 Nc1 38.Rd1 Nxd3 39.Rxe1 Nxe1 40.Kg4 Nxg2  0-1

[Event "HUN-chT2 9394"]
[Site "?"]
[Date "1994.??.??"]
[Round "?"]
[White "Nagy, Zoltan"]
[Black "Kapu, Jeno"]
[Result "0-1"]
[WhiteElo "2290"]
[BlackElo "2250"]

1.e4 c5 2.Nf3 e6 3.d4 cxd4 4.Nxd4 Nc6 5.Nc3 Qc7 6.Nb3 a6 7.f4 b5 8.Qf3 Bb7
9.Bd3 Nb4 10.Be3 d5 11.Bd4 dxe4 12.Nxe4 f5 13.Qh5+ g6 14.Qe2 fxe4 15.Bxh8 exd3
16.Qxe6+ Qe7 17.Qxe7+ Bxe7 18.O-O dxc2 19.Rac1 Rc8 20.a3 Nd3 21.Ra1 Bf6 22.Bxf6 Nxf6
23.Nc1 Nxb2 24.Ra2 Na4 25.Rf2 Be4 26.Rd2 Ke7 27.Kf2 Rc3 28.h3 h5 29.Ra1 Nc5
30.Kg1 Nb3 31.Nxb3 Rxb3 32.Re2 Rb1+ 33.Re1 Rxa1 34.Rxa1 Nd5 35.Kf2 Nc3 36.Ke3 Nb1  0-1

[Event "JUG-chT"]
[Site "Igalo"]
[Date "1994.??.??"]
[Round "?"]
[White "Tseshkovsky, Vitaly"]
[Black "Ivanovic, Bozidar"]
[Result "1-0"]
[WhiteElo "2525"]
[BlackElo "2515"]

1.e4 c5 2.Nc3 Nc6 3.Nge2 e6 4.d4 cxd4 5.Nxd4 Qc7 6.g3 a6 7.Bg2 Nf6 8.O-O h6
9.Nce2 d6 10.h3 Be7 11.b3 O-O 12.c4 Rd8 13.Bb2 Bd7 14.Nxc6 Bxc6 15.Qc2 Rac8
16.Nd4 Be8 17.Qe2 b5 18.cxb5 axb5 19.a4 bxa4 20.bxa4 d5 21.Rfc1 Qa5 22.Rxc8 Rxc8
23.exd5 Nxd5 24.Nxe6 Bf6 25.Bxd5 Qxd5 26.Nc7 Qd7 27.Nxe8 Rxe8 28.Qc2 Bxb2
29.Qxb2 Qxh3 30.a5 h5 31.a6 h4 32.Qb5 Qc8 33.a7  1-0

[Event "JUG-chT"]
[Site "Igalo"]
[Date "1994.??.??"]
[Round "?"]
[White "Vukovic, Zdravko"]
[Black "Vukic, Milan"]
[Result "1/2-1/2"]
[WhiteElo "2445"]
[BlackElo "2445"]

1.e4 c5 2.Nf3 e6 3.Nc3 Nc6 4.d4 cxd4 5.Nxd4 Nf6 6.Ndb5 d6 7.Bf4 e5 8.Bg5 a6
9.Na3 b5 10.Bxf6 gxf6 11.Nd5 f5 12.Bd3 Be6 13.O-O Bxd5 14.exd5 Ne7 15.c4 Bg7
16.Qd2 e4 17.Be2 bxc4 18.Nxc4 O-O 19.Rad1 Rb8 20.Qf4 Rb5 21.Rd2 Rxd5 22.Rxd5 Nxd5
23.Qxd6 Qa8 24.Rd1 Rd8 25.Nb6 Rxd6 26.Nxa8 Be5 27.Bc4 Nb4 28.Rxd6 Bxd6 29.a3 Nd3
30.b4 a5 31.bxa5 Ne5 32.Bb5 Bxa3 33.Nb6 Bc5 34.h3 Ng6 35.Bd7 Ne7 36.Na4 Bd4
37.a6 Nd5 38.Bxf5 Nc7 39.Bc8 Kg7 40.Kf1 Kf6 41.f4 h5 42.g3 Kg6 43.g4 hxg4
44.hxg4 Nd5 45.Bf5+ Kf6 46.Bxe4 Nxf4 47.Nc3 Kg5 48.Bf3 Ng6 49.Nb5 Bb6 50.Nd6 Ne5
51.Ne4+ Kf4 52.Nc3  1/2-1/2

[Event "Ikaria op"]
[Site "Ikaria"]
[Date "1994.??.??"]
[Round "4"]
[White "Cela, Altin"]
[Black "Saltaev, Mihail"]
[Result "1/2-1/2"]
[WhiteElo "2345"]
[BlackElo "2485"]

1.e4 c5 2.Nf3 e6 3.d4 cxd4 4.Nxd4 Nc6 5.Nc3 Qc7 6.Be2 a6 7.O-O Nf6 8.Kh1 Bb4
9.Bg5 Be7 10.f4 d6 11.Qd3 O-O 12.Rad1 Bd7 13.Qg3 Kh8 14.Nf3 h6 15.e5 dxe5
16.fxe5 Nh7 17.Bc1 f5 18.exf6 Qxg3 19.hxg3 Nxf6 20.Nh4 Be8 21.Bc4 g5 22.Nf3 Bg6
23.Bxe6 Bxc2 24.Rd2 Bg6 25.b3 Nh5 26.Kh2 Ng7 27.Bd7 Rad8 28.Bxc6 Rxd2 29.Bxd2 bxc6
30.Ne5 Be8 31.Rxf8+ Bxf8 32.Ne4 Be7 33.Be3  1/2-1/2